| 000 -ლიდერი |
| ფიქსირებული სიგრძის საკონტროლო ველი |
01963nam a22002897a 4500 |
| 003 - საკონტროლო ნომრის იდენტიფიკატორი |
| საკონტროლო ველი |
Ge_BSU |
| 005 - ბოლო ოპერაციის თარიღი და დრო |
| საკონტროლო ველი |
20240401155452.0 |
| 008 - ფიქსირებული სიგრძის მონაცემთა ელემენტები - ზოგადი ინფორმაცია |
| ფიქსირებული სიგრძის საკონტროლო ველი |
240401s2024 ge ||||| |||| 00| 0 geo d |
| 020 ## - წიგნის საერთაშორისო სტანდარტული ნომერი |
| International Standard Book Number |
9789941863264 |
| 041 ## - ენის კოდი |
| Language code of text/sound track or separate title |
geo |
| 080 ## - უნივერსალური ათობითი კლასიფიკაციის ინდექსი |
| Universal Decimal Classification number |
622.323+ 665.6+621.643 გ-74 |
| 100 ## - მთავარი ჩანაწერი - პიროვნების სახელი |
| Personal name |
გოჩიტაშვილი, თეიმურაზ |
| 9 (RLIN) |
13530 |
| 245 ## - ცნობა სათაურის შესახებ |
| Title |
ნავთობის და გაზის მოპოვება, ტრანსპორტირება, გადამუშავება და გამოყენება / |
| Statement of responsibility, etc |
თეიმურაზ გოჩიტაშვილი; რედაქტორები: გიორგი ჩიქოვანი, ქეთევან გოჩიტაშვილი. |
| Remainder of title |
საბაზისო ინფორმაციული ცნობარი / |
| 250 ## - გამოცემის ცნობა |
| Edition statement |
მეორე გადამუშავებული გამოცემა |
| 264 ## - წარმოების, გამოცემის, დისტრიბუციის და სხვა ცნობები |
| გამოცემის, წარმოების, დისტრიბუციის... ადგილი |
თბილისი, |
| გამოცემის, წარმოების, დისტრიბუციის... თარიღი |
2024. |
| 300 ## - ფიზიკური აღწერა |
| Extent |
594 გვ.: |
| Other physical details |
ილ. ; |
| Dimensions |
24 სმ. |
| 500 ## - ზოგადი შენიშვნა |
| General note |
დაბეჭდილია საქ. ნავთობისა და გაზის კორპორაციის დირექტორთა საბჭოს რეკომენდაციით. |
| 501 ## - შენიშვნა თანმხლებ მასალაზე |
| With note |
დანართი გვ. 501-594 |
| 504 ## - BIBLIOGRAPHY, ETC. NOTE |
| Bibliography, etc |
ბიბლიოგრ. გვ. 486-500 |
| 653 ## - INDEX TERM--UNCONTROLLED |
| Uncontrolled term |
ნავთობის მოპოვება. |
| 653 ## - INDEX TERM--UNCONTROLLED |
| Uncontrolled term |
გაზის მოპოვება. |
| 653 ## - INDEX TERM--UNCONTROLLED |
| Uncontrolled term |
ნავთობისა და გაზის გადამუშავება. |
| 653 ## - INDEX TERM--UNCONTROLLED |
| Uncontrolled term |
ნავთობისა და გაზის ტრანსპორტირება. |
| 700 ## - ADDED ENTRY--PERSONAL NAME |
| Personal name |
ჩიქოვანი, გიორგი |
| Relator term |
რედაქტორი |
| 9 (RLIN) |
21645 |
| 700 ## - ADDED ENTRY--PERSONAL NAME |
| Personal name |
გოჩიტაშვილი, ქეთევან |
| Relator term |
რედაქტორი |
| 9 (RLIN) |
4197 |
| 942 ## - ADDED ENTRY ELEMENTS (KOHA) |
| Source of classification or shelving scheme |
|
| Koha item type |
წიგნი |